000 00251nam a22001217a 4500
008 171012b xxu||||| |||| 00| 0 eng d
041 _aeng
080 _24 ED
_a316
100 _a50
101 _aSOC
245 _aWOMEN
_cFREEMAN.J
942 _2udc
_cBK
999 _c33497
_d33497